000 00484nmm a2200169Ia 4500
008 251105s9999||||xx |||||||||||||||||und||
020 _a9788499677514
041 _aspa
100 _aVilches Agüera, Sharon
245 0 _aBreve historia de la Gestapo
264 _a[Madrid, España] :
_bEdiciones Nowtilus,
_c2016
300 _a304 páginas
490 _aBreve historia
650 _aHistory (General)
856 _uhttps://public.digitaliapublishing.com/a/171952
942 _cCF
999 _c93163
_d93163